Contributions to the natural history of the Hawaiian and Fanning islands and Lower California, (Record no. 52668)

MARC details
000 -LEADER
fixed length control field 01178cam a22002891 4500
001 - CONTROL NUMBER
control field s 13000119
003 - CONTROL NUMBER IDENTIFIER
control field DLC
005 - DATE AND TIME OF LATEST TRANSACTION
control field 20260227111911.0
008 - FIXED-LENGTH DATA ELEMENTS--GENERAL INFORMATION
fixed length control field 790618s1877 dcu 000 0 eng c
010 ## - LIBRARY OF CONGRESS CONTROL NUMBER
LC control number s 13000119
035 ## - SYSTEM CONTROL NUMBER
System control number (OCoLC)5079443
040 ## - CATALOGING SOURCE
Original cataloging agency Smithsonian Inst. Library
Transcribing agency OGK
Modifying agency DLC
042 ## - AUTHENTICATION CODE
Authentication code premarc
050 00 - LIBRARY OF CONGRESS CALL NUMBER
Classification number Q11
Item number .U6 no. 7
051 ## - LIBRARY OF CONGRESS COPY, ISSUE, OFFPRINT STATEMENT
Classification number QL345.H3
Item number S7
Copy information Copy 2.
100 1# - MAIN ENTRY--PERSONAL NAME
Personal name Streets, Thomas Hale,
Dates associated with a name 1847-1925.
245 00 - TITLE STATEMENT
Title Contributions to the natural history of the Hawaiian and Fanning islands and Lower California,
Remainder of title made in connection with the United States North Pacific surveying expedition, 1873-75.
Statement of responsibility, etc. By Thos. H. Streets.
260 ## - PUBLICATION, DISTRIBUTION, ETC.
Place of publication, distribution, etc. Washington,
Name of publisher, distributor, etc. Govt. print. off.,
Date of publication, distribution, etc. 1877.
300 ## - PHYSICAL DESCRIPTION
Extent 172 p.
Dimensions 25 cm.
490 0# - SERIES STATEMENT
Series statement Bulletin of the United States National Museum.
Volume/sequential designation no. 7
500 ## - GENERAL NOTE
General note Issued also as vol. XIII, art. 7 in Smithsonian miscellaneous collections.
500 ## - GENERAL NOTE
General note Smithsonian institution publication 303.
650 #0 - SUBJECT ADDED ENTRY--TOPICAL TERM
Topical term or geographic name entry element Animals
Geographic subdivision Hawaii.
650 #0 - SUBJECT ADDED ENTRY--TOPICAL TERM
Topical term or geographic name entry element Animals
Geographic subdivision Kiribati
-- Fanning Island.
650 #0 - SUBJECT ADDED ENTRY--TOPICAL TERM
Topical term or geographic name entry element Animals
Geographic subdivision Mexico
-- Baja California (Peninsula)
710 2# - ADDED ENTRY--CORPORATE NAME
Corporate name or jurisdiction name as entry element United States North Pacific surveying expedition, 1873-75.

No items available.

Powered by Koha